01339cam a22003617a 4500003000500000005001700005008004100022010001000063011001000073020001500083035001000098040000900108082001500117100003100132245011300163260005400276300004100330590004100371590004100412590004100453590004200494650003600536650004800572650001900620700002800639700002700667901000700694905002400701942001000725949008200735999001700817952014300834CHAP20220329142442.0010302d2000 us a r 00110 eng d a83705 a84677 a1566704650 a95202 cCHAP04a631.45bD300aDablow III, John F.93085910aSteam and electroheating remediation of tight soilsc/by John F. Dablow III, Paul C. Johnson, John A. Pearce aBoca Raton, Florida :bLewis publishers,cc.2000. a410 p. :bilus. ; gráfs. ; cuadros aBATCH-UPDb10c20130110lUCH01h0543 aBATCH-UPDb10c20130410lUCH01h0224 aBATCH-UPDb10c20130914lUCH01h0817 aCONVERSIONb10c20130109lUCH01h134714aCalentamiento del suelo.91747014aPropiedades hidráulicas del suelo.99242414aVapor.91179010 aJohnson, Paul C.9618600 aPearce, John A.986403 aBK aPatricia Mendoza P. cLIBRO a631.45 D3bBCcLIBROd33724000812855eLIBROg208933h98934i95202sit$671.52 c83705d83705 00102ddc4052708GRALaBCbBCcPP_GRALd2019-12-31e208933fLIBROl0o631.45 D3p33724000812855r2019-12-31 00:00:00w2019-12-31yLIBRO